<?xml version="1.0" encoding="UTF-8"?>
<marc:record xmlns:marc="http://www.loc.gov/MARC21/slim">
   <marc:leader>00000nam a2200000 a 4500</marc:leader>
   <marc:datafield ind1="1" ind2=" " tag="100">
      <marc:subfield code="a">Garmus, Bonnie</marc:subfield>
      <marc:subfield code="4">aut</marc:subfield>
      <marc:subfield code="e">Verfasser/-in</marc:subfield>
   </marc:datafield>
   <marc:datafield ind1=" " ind2=" " tag="653">
      <marc:subfield code="a">Roman in englischer Sprache</marc:subfield>
   </marc:datafield>
   <marc:datafield ind1="0" ind2="0" tag="245">
      <marc:subfield code="a">Lessons in Chemistry</marc:subfield>
   </marc:datafield>
   <marc:datafield ind1="0" ind2="0" tag="245">
      <marc:subfield code="b">Roman in englischer Sprache</marc:subfield>
   </marc:datafield>
   <marc:datafield ind1="0" ind2="0" tag="245">
      <marc:subfield code="c">Garmus, Bonnie</marc:subfield>
   </marc:datafield>
   <marc:datafield ind1=" " ind2="1" tag="264">
      <marc:subfield code="a">London</marc:subfield>
      <marc:subfield code="b">Penguin</marc:subfield>
      <marc:subfield code="c">2022</marc:subfield>
   </marc:datafield>
   <marc:datafield ind1="1" ind2=" " tag="520">
      <marc:subfield code="a">A woman ahead of her time.&#xD;
But exactly right for ours&#xD;
&#xD;
Chemist Elizabeth Zott is not your average woman. In fact, she would be the first to point out that there is no such thing.&#xD;
&#xD;
But it's the early 1960s and her all-male team at Hastings Research Institute take a very unscientific view of equality. Except for one: Calvin Evans, the lonely, brilliant, Nobel-Prize-nominated grudge-holder who falls in love with - of all things - her mind.&#xD;
&#xD;
Like science, life is unpredictable. Forced to leave her job at the institute, Elizabeth Zott soon finds herself the reluctant star of America's most beloved cooking show, Supper at Six. Elizabeth's unusual approach to cooking ('Combine one tablespoon acetic acid with a pinch of sodium chloride') proves revolutionary.&#xD;
&#xD;
But as her following grows, not everyone is happy. Because as it turns out, Elizabeth Zott isn't just teaching women to cook.&#xD;
&#xD;
She's daring them to change the status quo. One molecule at a time.</marc:subfield>
   </marc:datafield>
   <marc:datafield ind1=" " ind2=" " tag="020">
      <marc:subfield code="a">9781804990926</marc:subfield>
      <marc:subfield code="9">9781804990926</marc:subfield>
   </marc:datafield>
   <marc:datafield ind1=" " ind2=" " tag="041">
      <marc:subfield code="a">eng</marc:subfield>
   </marc:datafield>
   <marc:datafield ind1=" " ind2=" " tag="338">
      <marc:subfield code="a">Band</marc:subfield>
   </marc:datafield>
   <marc:datafield ind1=" " ind2=" " tag="300">
      <marc:subfield code="a">390 S.</marc:subfield>
   </marc:datafield>
</marc:record>
